000 00416nam a2200193Ia 4500
008 210210b1955 xxu||||| |||| 00| 0 eng d
041 _aeng
082 _a954/205
100 _aMAJUMDAR (R C)
245 _aAge of imperial Kanuj IV
260 _aBombay
_b-
_c1955
650 _aof
650 _aKanuj
650 _aIV
650 _aimperial
650 _aAge
690 _aIndian History
906 _a025962
999 _c151887
_d151887